000 01338nma a22002417a 4500
003 NALT
005 20240209074214.0
006 a|||||q||h| 00| 0
007 co cgaaaaaa
008 s2557 th tha d
040 _aNALT
041 _atha
090 _aCD 2336
110 2 _aสำนักงานเลขาธิการสภาผู้แทนราษฎร
_92970
245 1 0 _aหนังสือที่ระลึกการจัดสร้างอาคารเฉลิมพระเกียรตินวมินทราธิราชและบรมราชินีนาถ /
_cสำนักงานเลขาธิการสภาผู้แทนราษฎร.
260 _aกรุงเทพฯ :
_bสำนักงานเลขาธิการสภาผู้แทนราษฎร,
_c2557.
300 _a1 ซีดี-รอม :
_bเสียง, สี;.
_c4 3/4 นิ้ว.
600 0 4 _96254
_aภูมิพลอดุลยเดช,
_cพระบาทสมเด็จพระเจ้าอยู่หัว,
_d2470-
650 4 _aหนังสือที่ระลึก
_959900
850 _aNALT
942 _cCD
_2local
998 _bชวนพิชญ์ รัตนาไพบูลย์
_bphon
_cM
_j
_kCRON CRON
999 _c71692
_d71692